000 00507nam a22001457a 4500
008 150114b xxu||||| |||| 00| 0 eng d
020 _a997085500X
050 _aREF HN49
_b.C66 2000
245 _aA dictionary of participatory tools and techniques
_cCommunity Development Resource Network
260 _aKampala:
_bCommunity Development Resource Network,
_c2000
300 _ax,355p. :
_bill. ;
_c23cm.
650 _aCommunity development
_vDictionaries
700 _aDe Coninck, John
_eed.
942 _2lcc
_cBK
999 _c43998
_d43998